000
00276nam a22001217a 4500
082
_a
519.4 VOL'A
100
_a
VOLK, WILLIAM
_9
39493
245
_a
APPLIED STATISTICS FOR ENGINEERING
250
_a
2ND
260
_a
NEWYORK
_b
MCGRAW HILL
_c
1969
300
_a
415P
942
_c
BK
999
_c
583837
_d
583837